New product development what really works

Bibliographic Details
Main Author: Gruenwald, George (Author)
Format: Book
Published: Lincolnwood, IL NTC Business Books 1985
Subjects:

MARC

LEADER 00000cam a2200000 7i4500
001 0000004837
008 021118n
020 |a 0844230855 
050 0 0 |a HD69.N4  |b G7 
090 0 0 |a HD69.N4  |b G7 
100 0 |a Gruenwald, George  |e author 
245 0 0 |a New product development   |b what really works   |c George Gruenwald 
260 2 |a Lincolnwood, IL   |b NTC Business Books  |c 1985 
300 |a 414 p. ;  |c 24 cm. 
650 0 |a New products 
999 |a 1000009679  |b Book  |c OPEN SHELF (30 DAYS)  |e Gong Badak Campus